000 005060000a22001810004500
020 _a0-89081-441-4
041 0 _aENG
082 0 4 _aG 270.8 H9391s
100 1 _aHunt, Dave
245 1 0 _aThe seduction of christianity : Spiritual discernment in the last days / Dave Hunt, T. A. McMahon
260 _aEugene, Oregon, USA : Harvest
300 _a239 Pag
001 8350
942 _cBK
999 _c38521
_d38521
336 _atexto
_btxt
_2rdacontent
337 _2rdamedia
_asin mediación
_bn
338 _2rdacarrier
_avolumen
_bnc